[Event "FRG-ch International"]
[Site "Dortmund"]
[Date "1973.??.??"]
[Round "1"]
[White "Westerinen, Heikki MJ"]
[Black "Dueball, Juergen"]
[Result "0-1"]
[WhiteElo "2450"]
[BlackElo "2425"]

1.b4 e5 2.Bb2 d6 3.Nf3 Nf6 4.e3 g6 5.c4 Bg7 6.Nc3 O-O 7.Be2 e4 8.Nd4 c5 9.bxc5 dxc5
10.Nb3 Qe7 11.O-O Rd8 12.f3 exf3 13.Bxf3 Nc6 14.Kh1 Ne5 15.Nd5 Nxd5 16.Bxd5 Be6
17.Bxe6 Qxe6 18.Nxc5 Qxc4 19.Bxe5 Bxe5 20.d4 Qd5 21.Qb3 b6 22.Na6 Qxb3 23.axb3 Bd6
24.Rac1 Rac8 25.Kg1 f5 26.b4 Re8 27.Kf2 f4 28.exf4 Bxf4 29.Rxc8 Rxc8 30.h3 Rc3
31.Rd1 Ra3 32.b5 Rb3 33.d5 Bd6 34.Rc1 Rxb5 35.Nc7 Rc5 36.Rxc5 Bxc5+ 37.Ke2 a5
38.Kd3 a4 39.Kc4 a3 40.Kb3 Kf7 41.h4 h5 42.Nb5 Kf6 43.Nc3 Ke5 44.Kc4 Bd4
45.d6 b5+ 46.Kxb5 Kxd6 47.Na2 Kd5 48.Kb4 Bc5+ 49.Kb3 Ke4 50.Nc3+ Kf5  0-1

[Event "FRG-ch International"]
[Site "Dortmund"]
[Date "1973.??.??"]
[Round "1"]
[White "Paoli, Enrico"]
[Black "Popov, Luben"]
[Result "0-1"]
[WhiteElo "2300"]
[BlackElo "2450"]

1.e4 Nf6 2.e5 Nd5 3.c4 Nb6 4.c5 Nd5 5.Nc3 e6 6.Bc4 Nxc3 7.dxc3 Nc6 8.Bf4 Bxc5
9.Qg4 g5 10.Qxg5 Qxg5 11.Bxg5 Nxe5 12.Bf6 Nxc4 13.Bxh8 Nxb2 14.Bd4 Be7 15.Nf3 f6
16.Rb1 Nc4 17.Nd2 Nxd2 18.Kxd2 c5 19.Be3 d5 20.a4 e5 21.f3 d4 22.Bf2 Bd8
23.Rb5 b6 24.cxd4 exd4 25.Re1+ Kf7 26.Ra1 Bd7 27.Rb2 Ke6 28.Ke1 Kd5 29.Rd2 f5
30.Rb1 Bf6 31.Ra2 Re8+ 32.Kd1 c4 33.Rb4 Be7 34.Rb1 c3 35.Kc2 Bc5 36.Kb3 Kc6
37.Raa1 Re2 38.Bxd4 Bxd4 39.Kc4 Bf6  0-1

[Event "FRG-ch International"]
[Site "Dortmund"]
[Date "1973.??.??"]
[Round "2"]
[White "Gerusel, Mathias"]
[Black "Ciocaltea, Victor"]
[Result "1/2-1/2"]
[WhiteElo "2415"]
[BlackElo "2470"]

1.d4 f5 2.g3 Nf6 3.Bg2 g6 4.Nf3 Bg7 5.O-O O-O 6.Nbd2 c6 7.b3 d5 8.Bb2 a5
9.c4 Bd7 10.Qc2 Na6 11.a3 e6 12.Ne5 Be8 13.Ndf3 Ne4 14.Nd3 g5 15.e3 g4 16.Nfe5 Rf6
17.Nf4 Ng5 18.Bc3 Rh6 19.Ned3 Nc7 20.Qd2 a4 21.Ba5 axb3 22.c5 Bd7 23.Rfb1 Bc8
24.Rxb3 Qe7 25.Bxc7 Qxc7  1/2-1/2

[Event "FRG-ch International"]
[Site "Dortmund"]
[Date "1973.??.??"]
[Round "2"]
[White "Dueball, Juergen"]
[Black "Marovic, Drazen"]
[Result "1-0"]
[WhiteElo "2425"]
[BlackElo "2465"]

1.e4 c5 2.Nf3 d6 3.d4 cxd4 4.Nxd4 Nf6 5.Nc3 g6 6.Be3 Bg7 7.f3 O-O 8.Bc4 Nc6
9.Qd2 a5 10.O-O-O a4 11.h4 Qa5 12.g4 Bd7 13.Nxc6 bxc6 14.a3 Rfb8 15.h5 d5
16.e5 Ne8 17.hxg6 hxg6 18.Qh2 dxc4 19.Qh7+ Kf8 20.Bh6 f5 21.exf6 Bxh6+ 22.Qxh6+ Kf7
23.Qh7+  1-0

[Event "FRG-ch International"]
[Site "Dortmund"]
[Date "1973.??.??"]
[Round "2"]
[White "Keene, Raymond D"]
[Black "Paoli, Enrico"]
[Result "1-0"]
[WhiteElo "2435"]
[BlackElo "2300"]

1.Nf3 Nf6 2.g3 g6 3.c4 c5 4.b3 Nc6 5.Bb2 Bg7 6.Bg2 d6 7.d4 cxd4 8.Nxd4 Bd7
9.O-O O-O 10.Nc3 a6 11.Rc1 Qa5 12.e3 Rfc8 13.Qe2 Rab8 14.h3 Qg5 15.Rfd1 Kf8
16.Kh2 Qh6 17.Nxc6 Rxc6 18.Nd5 Nxd5 19.cxd5 Rcc8 20.e4 Bxb2 21.Qxb2 Qg7 22.Qd2 Rxc1
23.Rxc1 Rc8 24.Rxc8+ Bxc8 25.Qc2 Bd7 26.Qc7 Be8 27.Qxb7 Qb2 28.Qxa6 Qxf2
29.a4 h5 30.Qd3 h4 31.gxh4 Qxh4 32.a5 Qf4+ 33.Kh1 Qc1+ 34.Bf1 Qa1 35.a6 Bd7
36.Kg1 f5 37.exf5 Bxf5 38.Qe3 Kf7 39.a7 Kf6 40.b4 g5 41.b5 Bxh3 42.Qxh3 Qxa7+
43.Kh1 Ke5 44.Bg2 Kd4 45.Qh8+ Kc5 46.Qc3+ Kxb5 47.Bf1+  1-0

[Event "FRG-ch International"]
[Site "Dortmund"]
[Date "1973.??.??"]
[Round "3"]
[White "Westerinen, Heikki MJ"]
[Black "Gerusel, Mathias"]
[Result "1-0"]
[WhiteElo "2450"]
[BlackElo "2415"]

1.e4 c5 2.Nf3 e6 3.d4 cxd4 4.Nxd4 a6 5.Bd3 Bc5 6.Nb3 Ba7 7.Qe2 Nc6 8.Be3 Bxe3
9.Qxe3 Nf6 10.N1d2 d5 11.O-O O-O 12.c3 Ne5 13.Bc2 Neg4 14.Qg3 e5 15.h3 Nh5
16.Qf3 Ngf6 17.exd5 Nf4 18.Rfe1 Re8 19.Rad1 b5 20.d6 Rb8 21.Ne4 N6d5 22.Nec5 Rb6
23.d7 Bxd7 24.Rxd5 Nxd5 25.Qxd5 Bc8 26.Rxe5 Be6 27.Qe4 g6 28.Nd4 f5 29.Qe3 Bf7
30.f4 b4 31.cxb4 Rd6 32.Nb7  1-0

[Event "FRG-ch International"]
[Site "Dortmund"]
[Date "1973.??.??"]
[Round "3"]
[White "Popov, Luben"]
[Black "Keene, Raymond D"]
[Result "1/2-1/2"]
[WhiteElo "2450"]
[BlackElo "2435"]

1.d4 Nf6 2.c4 b6 3.Nc3 Bb7 4.f3 d5 5.cxd5 Nxd5 6.e4 Nxc3 7.bxc3 e6 8.Be3 Be7
9.Bb5+ c6 10.Bd3 O-O 11.Ne2 c5 12.dxc5 Bxc5 13.Bxc5 bxc5 14.Rb1 Qc7 15.Qb3 Bc6
16.O-O Nd7 17.Qa3  1/2-1/2

[Event "FRG-ch International"]
[Site "Dortmund"]
[Date "1973.??.??"]
[Round "3"]
[White "Parma, Bruno"]
[Black "Dueball, Juergen"]
[Result "1/2-1/2"]
[WhiteElo "2510"]
[BlackElo "2425"]

1.e4 c5 2.Nf3 d6 3.d4 cxd4 4.Nxd4 Nf6 5.Nc3 Nc6 6.f4 Qb6 7.Nb3 e6 8.Bd3 d5
9.e5 Nd7 10.Qe2 Nc5 11.Bb5 a6 12.Bxc6+ Qxc6 13.Be3 Na4 14.Nxa4 Qxa4 15.O-O Bd7
16.Qf2 Rc8 17.c3 Qc4 18.Nd4 Bc5  1/2-1/2

[Event "FRG-ch International"]
[Site "Dortmund"]
[Date "1973.??.??"]
[Round "3"]
[White "Paoli, Enrico"]
[Black "Hecht, Hans Joachim"]
[Result "0-1"]
[WhiteElo "2300"]
[BlackElo "2485"]

1.e4 e6 2.d4 d5 3.Nd2 Nf6 4.e5 Nfd7 5.Bd3 c5 6.c3 Nc6 7.Ne2 cxd4 8.cxd4 Nb6
9.O-O Bd7 10.Nf3 Be7 11.Bd2 Nb4 12.Bxb4 Bxb4 13.Qb3 Be7 14.a4 O-O 15.a5 Nc4
16.Bxc4 dxc4 17.Qxc4 Bc6 18.Qd3 a6 19.Nd2 Rc8 20.Nc3 Bc5 21.Nb3 Bb4 22.Rfc1 Qh4
23.Qg3 Qh6 24.Qe3 Qg6 25.Qg3 Qf5 26.Na2 Be7 27.Nc3 f6 28.Nd1 fxe5 29.Ne3 Qe4
30.Qxe5 Bh4 31.Rc2 Qg6 32.Nc5 Bxg2 33.Qxe6+ Qxe6 34.Nxe6 Rxc2 35.Nxc2 Rxf2
36.Ne3 Bh3 37.Ng5 Bd7 38.Nd1 Rf4  0-1

[Event "FRG-ch International"]
[Site "Dortmund"]
[Date "1973.??.??"]
[Round "4"]
[White "Ciocaltea, Victor"]
[Black "Westerinen, Heikki MJ"]
[Result "1/2-1/2"]
[WhiteElo "2470"]
[BlackElo "2450"]

1.e4 Nf6 2.e5 Nd5 3.d4 d6 4.Nf3 Bg4 5.Be2 e6 6.O-O Be7 7.c4 Nb6 8.Nc3 O-O
9.Be3 Nc6 10.exd6 cxd6 11.b3 d5 12.c5 Nc8 13.b4 a6 14.Rb1 Bf6 15.a4 Bxf3
16.Bxf3 N8e7 17.b5 axb5 18.axb5 Na5 19.Be2 Nf5 20.Bd3 Nxd4 21.Bxd4 Bxd4 22.Bxh7+ Kxh7
23.Qxd4 Qc7 24.Rfe1 Nc4 25.Ne4 Qf4 26.Rb3 Kh8 27.Rg3 Ne5 28.Rg5 dxe4 29.Rxe5 Rfd8
30.Qxe4 Qxe4 31.R5xe4 Kg8 32.Rc4 Kf8 33.Rec1 Ra5 34.Rb1 Ra2 35.c6 bxc6 36.b6 Ra6
37.Rxc6 Rb8 38.f3 Rb7 39.Kf2 Ke8 40.Rc8+ Kd7 41.Rg8 g6 42.g4 Rbxb6 43.Rxb6 Rxb6
44.h4 Ke7 45.Kg3 Rb5 46.Ra8 Kf6 47.Rg8 Ra5 48.Kg2 Rb5 49.Kf2 Ra5 50.Kg2 Rb5  1/2-1/2

[Event "FRG-ch International"]
[Site "Dortmund"]
[Date "1973.??.??"]
[Round "4"]
[White "Keres, Paul"]
[Black "Spassky, Boris V"]
[Result "1/2-1/2"]
[WhiteElo "2600"]
[BlackElo "2660"]

1.e4 e5 2.Nf3 Nc6 3.Bb5 a6 4.Ba4 Nf6 5.O-O Be7 6.Re1 b5 7.Bb3 d6 8.c3 O-O
9.h3 Nb8 10.d4 Nbd7 11.Nbd2 Bb7 12.Bc2 Re8 13.Nf1 Bf8 14.Ng3 g6 15.a4 c5
16.b3 Bg7 17.dxe5 Nxe5 18.Nxe5 dxe5 19.Be3 Nd7 20.Qe2 Bc6 21.axb5 axb5 22.Bd3 Qb6
23.b4 Bf8 24.Reb1 Qb7 25.Rxa8 Rxa8 26.bxc5 Ra5 27.Bc4 Nxc5 28.Bd5 Bxd5 29.exd5 Qxd5
30.Rxb5 Rxb5 31.Qxb5  1/2-1/2

[Event "FRG-ch International"]
[Site "Dortmund"]
[Date "1973.??.??"]
[Round "4"]
[White "Gerusel, Mathias"]
[Black "Marovic, Drazen"]
[Result "1/2-1/2"]
[WhiteElo "2415"]
[BlackElo "2465"]

1.d4 Nf6 2.c4 g6 3.Nc3 Bg7 4.e4 d6 5.h3 O-O 6.Be3 Nbd7 7.Bd3 c5 8.d5 e6 9.Nf3 exd5
10.exd5 Ne8 11.Qd2 a6 12.O-O f5 13.Be2 Ne5 14.Nxe5 Bxe5 15.f4 Bg7 16.a3 Nf6
17.Rae1 Re8 18.Bf2 Bd7 19.b4 b6 20.Rb1 Qc7 21.Rfe1 Re7 22.Bf1 Rxe1 23.Rxe1 Re8
24.Rxe8+ Nxe8  1/2-1/2

[Event "FRG-ch International"]
[Site "Dortmund"]
[Date "1973.??.??"]
[Round "5"]
[White "Parma, Bruno"]
[Black "Gerusel, Mathias"]
[Result "1/2-1/2"]
[WhiteElo "2510"]
[BlackElo "2415"]

1.e4 c5 2.Nf3 e6 3.d4 cxd4 4.Nxd4 a6 5.Bd3 Nc6 6.Nxc6 dxc6 7.f4 e5 8.f5 Bc5
9.Qe2 Nf6 10.Nd2 Ba7 11.Nb3 Qc7 12.Be3 c5 13.Nd2 b5 14.b3 g6 15.Bg5 Nd7 16.c4 h6  1/2-1/2

[Event "FRG-ch International"]
[Site "Dortmund"]
[Date "1973.??.??"]
[Round "5"]
[White "Marovic, Drazen"]
[Black "Ciocaltea, Victor"]
[Result "1-0"]
[WhiteElo "2465"]
[BlackElo "2470"]

1.c4 g6 2.d4 Bg7 3.Nc3 Nf6 4.Nf3 O-O 5.g3 d6 6.Bg2 Nc6 7.O-O a6 8.h3 Rb8
9.Be3 e6 10.Rc1 b6 11.Qd2 Ne7 12.Bg5 Bb7 13.d5 e5 14.e4 Nd7 15.b4 Ra8 16.Ne1 a5
17.a3 axb4 18.axb4 Ba6 19.Ne2 f6 20.Be3 Kh8 21.Nd3 Ng8 22.f4 Qe7 23.f5 Ra7
24.g4 Rfa8 25.Rc2 Qd8 26.h4 Bf8 27.g5 Be7 28.Bh3 Nf8 29.Kh2 Bc8 30.Ng3 Ra3
31.Nf2 fxg5 32.hxg5 Rxe3 33.Qxe3 Bxg5 34.Qe2 Ra3 35.Nd3 Nf6 36.Rf3 Ra8 37.Ra2 Bd7
38.Kg2 c6 39.Nf2 Bf4 40.Rfa3 Rc8 41.dxc6 Rxc6 42.Ra8 Rc8 43.Rxc8 Qxc8 44.fxg6 Nxg6
45.Bxd7 Qxd7 46.Ra8+  1-0

[Event "FRG-ch International"]
[Site "Dortmund"]
[Date "1973.??.??"]
[Round "5"]
[White "Keene, Raymond D"]
[Black "Hecht, Hans Joachim"]
[Result "1/2-1/2"]
[WhiteElo "2435"]
[BlackElo "2485"]

1.Nf3 c5 2.c4 g6 3.g3 Bg7 4.Bg2 Nc6 5.O-O e6 6.e3 Nge7 7.d4 cxd4 8.Nxd4 Nxd4
9.exd4 d5 10.cxd5 Nxd5 11.Nc3 O-O 12.Re1 Qb6 13.Bxd5 exd5 14.Nxd5 Qxd4 15.Qxd4 Bxd4
16.Nc7 Rb8 17.Nb5 Bb6 18.Bh6 Rd8 19.Bf4 Ra8 20.Nc7 Bxc7 21.Bxc7 Rf8 22.Bd6 Rd8
23.Bc7 Rf8  1/2-1/2

[Event "FRG-ch International"]
[Site "Dortmund"]
[Date "1973.??.??"]
[Round "6"]
[White "Dueball, Juergen"]
[Black "Paoli, Enrico"]
[Result "1/2-1/2"]
[WhiteElo "2425"]
[BlackElo "2300"]

1.c4 Nf6 2.Nc3 c5 3.Nf3 Nc6 4.d4 cxd4 5.Nxd4 d6 6.e4 Nxd4 7.Qxd4 g6 8.Be2 Bg7
9.Bg5 O-O 10.Qd2 Qa5 11.O-O Be6 12.Rac1 a6 13.b3 Rfc8 14.f4 Kh8 15.Bf3 Rab8
16.Qe3 Ng8 17.Be2 Qc5 18.Qxc5 Rxc5 19.Nd5 Bxd5 20.exd5 Bf6 21.Rfe1 Kg7 22.Bf3 a5
23.g4 Rbc8 24.Bxf6+ Kxf6 25.g5+ Kg7 26.Bg4 R8c7 27.a4 b6 28.h4 Ra7 29.Kg2 Rac7
30.Rf1 Ra7 31.Rc3 Rac7 32.Rh3 h5 33.Bd1 e6 34.dxe6 fxe6 35.Re1 Kf7 36.Rhe3 Re7
37.Bf3 Rf5 38.Kg3 Rc5 39.Bg2 d5 40.Re5 dxc4 41.Rxc5 bxc5 42.bxc4 Rd7 43.Bh3 Rd3+
44.Kh2 Rd2+ 45.Kg1 Rd6 46.Re5 Rc6 47.Bg2 Rc7 48.Re3 Ne7 49.Rb3 Nf5 50.Rb5 Nd6
51.Rxa5 Nxc4 52.Ra6 Ne3 53.Bh3 Nf5 54.Kf2 c4 55.Bxf5 exf5 56.Ke2 c3 57.Kd1  1/2-1/2

[Event "FRG-ch International"]
[Site "Dortmund"]
[Date "1973.??.??"]
[Round "6"]
[White "Westerinen, Heikki MJ"]
[Black "Marovic, Drazen"]
[Result "0-1"]
[WhiteElo "2450"]
[BlackElo "2465"]

1.e4 e6 2.d4 d5 3.Nc3 Bb4 4.e5 c5 5.a3 Bxc3+ 6.bxc3 Qc7 7.Nf3 Ne7 8.Bd3 b6
9.O-O Ba6 10.dxc5 bxc5 11.a4 Bxd3 12.cxd3 Nd7 13.Re1 O-O 14.Ba3 Nc6 15.Qd2 Rab8
16.Qe3 Na5 17.Ra2 Rb3 18.Rc1 Rfb8 19.Nd2 R3b7 20.f4 Nb3 21.Rf1 Qa5 22.Bb4 cxb4
23.Nxb3 Qc7 24.cxb4 Rxb4 25.Nd2 Qc5 26.Qxc5 Nxc5 27.Ra3 Nxa4 28.f5 exf5 29.Rxf5 a6
30.Kf2 Nc5 31.Ke2 Ne6 32.Rf1 Nd4+ 33.Kf2 Rb2 34.Rd1 Nb5 35.Rxa6 Nc3 36.Ke1 Nxd1
37.Kxd1 R2b6 38.Ra5 Rb5 39.Ra4 h6 40.Ke2 Rb2 41.Ke3 R8b4 42.Ra8+ Rb8 43.Ra4 Re8
44.d4 Rc8 45.Ra3 Rc1 46.Rd3 g5 47.g3 Re1+ 48.Kf3 g4+ 49.Kf4  0-1

[Event "FRG-ch International"]
[Site "Dortmund"]
[Date "1973.??.??"]
[Round "6"]
[White "Ciocaltea, Victor"]
[Black "Parma, Bruno"]
[Result "1/2-1/2"]
[WhiteElo "2470"]
[BlackElo "2510"]

1.d4 Nf6 2.c4 e6 3.Nf3 b6 4.g3 Bb7 5.Bg2 Be7 6.O-O O-O 7.Nc3 Ne4 8.Qc2 Nxc3
9.Qxc3 c5 10.e3 d6 11.b3 Nd7 12.Bb2 Nf6 13.Rfd1 Be4 14.Ne1 Bxg2 15.Kxg2 cxd4
16.Qxd4 Qc7 17.f3 Qb7 18.e4 b5 19.cxb5 Qxb5 20.Qd3 Qb7 21.Rac1 Rfc8 22.Rxc8+ Rxc8
23.Rc1 Rxc1 24.Bxc1 d5 25.exd5 Nxd5 26.Nc2  1/2-1/2

[Event "FRG-ch International"]
[Site "Dortmund"]
[Date "1973.??.??"]
[Round "7"]
[White "Parma, Bruno"]
[Black "Westerinen, Heikki MJ"]
[Result "1/2-1/2"]
[WhiteElo "2510"]
[BlackElo "2450"]

1.e4 e5 2.Nf3 Nc6 3.Bb5 a6 4.Ba4 d6 5.O-O Bd7 6.d4 Nf6 7.c3 Be7 8.Re1 O-O
9.Nbd2 Re8 10.Nf1 h6 11.Ng3 Bf8 12.h3 g6 13.Bc2 Bg7 14.Be3 Qe7 15.Qd2 Qf8
16.b4 Rad8 17.Nh2 d5 18.dxe5 Nxe4 19.Nxe4 dxe4 20.Bc5 Ne7 21.Bxe4 Bxe5 22.Bxb7 Qg7
23.Bd4 Nc6 24.Nf3 Nxd4 25.Nxe5 Rxe5 26.cxd4 Rg5 27.Re5 Bb5 28.Rxg5 Rxd4 29.Rxg6 fxg6
30.Qe1 c5 31.Bxa6 Bxa6 32.Qe6+ Kh7 33.Qxa6 Rxb4 34.Re1 Rb7 35.Qc4 Qd4 36.Qxd4 cxd4
37.Re2 Kg7 38.f4 Kf6 39.Kf2 Ra7 40.Kf3 d3 41.Rd2 h5 42.Ke4 Ra3 43.Rf2 h4
44.Rb2 Ke6 45.Rd2 Kf6 46.Ke3 Kf5 47.Rxd3 Rxa2 48.Rd5+ Kf6 49.Rg5 Ra3+ 50.Ke4 Ra4+
51.Kf3 Ra3+ 52.Kg4 Ra4 53.Re5 Ra2 54.Kf3 Ra3+ 55.Re3 Ra4 56.Re2 Kf5 57.Re5+ Kf6
58.Rg5 Ra3+ 59.Kf2 Ra2+ 60.Kg1 Ra1+ 61.Kh2 Rf1 62.Rg4 Kf5 63.Rxh4 Rxf4  1/2-1/2

[Event "FRG-ch International"]
[Site "Dortmund"]
[Date "1973.??.??"]
[Round "7"]
[White "Spassky, Boris V"]
[Black "Gerusel, Mathias"]
[Result "1-0"]
[WhiteElo "2660"]
[BlackElo "2415"]

1.e4 c5 2.Nf3 e6 3.d4 cxd4 4.Nxd4 a6 5.Bd3 Bc5 6.Nb3 Ba7 7.Nc3 Nc6 8.Qe2 d6
9.Be3 Bxe3 10.Qxe3 Nf6 11.O-O-O O-O 12.f4 Qc7 13.Rhg1 Nb4 14.g4 e5 15.Be2 d5
16.exd5 exf4 17.Qc5 Qxc5 18.Nxc5 Re8 19.g5 Nd7 20.Nxd7 Bxd7 21.Bg4 Bxg4 22.Rxg4 a5
23.Rxf4 Rad8 24.h4 Kf8 25.a3 Na6 26.Ne4 Re5 27.c4 a4 28.Kc2 b6 29.Kc3 Nc5
30.Kd4 Rxe4+ 31.Rxe4 Nxe4 32.Kxe4 Re8+ 33.Kd3 Re5 34.b3 axb3 35.Rb1 Rf5 36.Ke4 Rf2
37.Rxb3 Rh2 38.d6 Ke8 39.Rxb6 Kd7 40.Kd5 Rd2+ 41.Kc5 Ke6 42.Rb8  1-0

[Event "FRG-ch International"]
[Site "Dortmund"]
[Date "1973.??.??"]
[Round "7"]
[White "Popov, Luben"]
[Black "Dueball, Juergen"]
[Result "1/2-1/2"]
[WhiteElo "2450"]
[BlackElo "2425"]

1.d4 Nf6 2.c4 g6 3.Nc3 Bg7 4.e4 O-O 5.Be2 d6 6.Bg5 Nbd7 7.Nf3 e5 8.d5 h6
9.Bc1 Nc5 10.Qc2 a5 11.O-O Nh7 12.Ne1 f5 13.exf5 Bxf5 14.Qd1 Qh4 15.Nf3 Qe7
16.Be3 Rae8 17.a3 Nf6 18.Nh4 Nfe4 19.Nxf5 gxf5 20.Nxe4 Nxe4 21.Qc2 Qf7 22.Rad1 b6  1/2-1/2

[Event "FRG-ch International"]
[Site "Dortmund"]
[Date "1973.??.??"]
[Round "8"]
[White "Dueball, Juergen"]
[Black "Keene, Raymond D"]
[Result "1/2-1/2"]
[WhiteElo "2425"]
[BlackElo "2435"]

1.d4 Nf6 2.c4 e6 3.Nc3 Bb4 4.Qc2 O-O 5.a3 Bxc3+ 6.Qxc3 Qe8 7.f3 d6 8.e4 e5
9.d5 Nfd7 10.g4 a5 11.b4 axb4 12.axb4 Rxa1 13.Qxa1 Na6 14.Bd2 Qe7 15.Bd3 h5
16.h3 c5 17.dxc6 bxc6 18.Kf2 d5 19.c5 Naxc5 20.bxc5 Nxc5 21.Bc2 Nxe4+ 22.Bxe4 dxe4
23.fxe4 Qh4+ 24.Kg2 hxg4 25.Qxe5 gxh3+ 26.Nxh3 Qg4+ 27.Kf2 Qh4+ 28.Qg3 Qxe4
29.Rg1 Qd4+ 30.Be3 Qb2+ 31.Kf3 Bxh3 32.Qxh3 Qf6+ 33.Kg2  1/2-1/2

[Event "FRG-ch International"]
[Site "Dortmund"]
[Date "1973.??.??"]
[Round "8"]
[White "Gerusel, Mathias"]
[Black "Paoli, Enrico"]
[Result "1-0"]
[WhiteElo "2415"]
[BlackElo "2300"]

1.d4 d5 2.c4 c6 3.Nf3 Nf6 4.Nc3 e6 5.Bg5 h6 6.Bxf6 Qxf6 7.Qb3 dxc4 8.Qxc4 Nd7
9.Rd1 Be7 10.e3 O-O 11.Bd3 Bd8 12.Bb1 Re8 13.Qd3 Nf8 14.Ne5 Bc7 15.f4 Qh4+
16.g3 Qh3 17.Ne4 Ba5+ 18.Ke2 f6 19.Nf2 Qg2 20.e4 fxe5 21.Rdg1 Qxh1 22.Rxh1 exd4
23.e5 c5 24.Ne4 Bd7 25.Nd6 Re7 26.Rc1 Bb6 27.g4 Bc6 28.h4 Bd5 29.b3 a5 30.Qb5 Ra6
31.Nc8 Rf7 32.Nxb6 Bc6 33.Qxc5 Rxf4 34.Nc8 Bf3+ 35.Kd2 Bxg4 36.Ne7+ Kh8 37.Qc8 Rf2+
38.Ke1  1-0

[Event "FRG-ch International"]
[Site "Dortmund"]
[Date "1973.??.??"]
[Round "8"]
[White "Marovic, Drazen"]
[Black "Parma, Bruno"]
[Result "1/2-1/2"]
[WhiteElo "2465"]
[BlackElo "2510"]

1.Nf3 c5 2.c4 Nc6 3.Nc3 Nf6 4.d4 cxd4 5.Nxd4 e6 6.e3 d5 7.cxd5 exd5 8.Be2 Bd6
9.O-O O-O 10.Ncb5 Bb8 11.Nf3 a6 12.Nbd4 Nxd4 13.Nxd4 Ne4 14.Bf3 Be5 15.Bd2 Bxd4
16.exd4 Bf5 17.Bxe4  1/2-1/2

[Event "FRG-ch International"]
[Site "Dortmund"]
[Date "1973.??.??"]
[Round "8"]
[White "Ciocaltea, Victor"]
[Black "Spassky, Boris V"]
[Result "1/2-1/2"]
[WhiteElo "2470"]
[BlackElo "2660"]

1.e4 e5 2.Nf3 Nc6 3.Bb5 a6 4.Ba4 Nf6 5.O-O Be7 6.Re1 b5 7.Bb3 d6 8.c3 O-O
9.h3 Nb8 10.d4 Nbd7 11.Nbd2 Bb7 12.Bc2 Re8 13.Nf1 Bf8 14.Ng3 g6 15.a4 c5
16.d5 c4 17.Bg5 Be7 18.Be3 Qc7 19.Ra3 Nc5 20.Qe2 Bf8 21.Rea1 Bg7 22.R1a2 Nfd7
23.Qd1 Nb6 24.axb5 axb5 25.Rxa8  1/2-1/2

[Event "FRG-ch International"]
[Site "Dortmund"]
[Date "1973.??.??"]
[Round "9"]
[White "Hecht, Hans Joachim"]
[Black "Dueball, Juergen"]
[Result "1-0"]
[WhiteElo "2485"]
[BlackElo "2425"]

1.Nf3 g6 2.e4 c5 3.c4 Nc6 4.d4 cxd4 5.Nxd4 Nf6 6.Nc3 Nxd4 7.Qxd4 d6 8.Be2 Bg7
9.Be3 O-O 10.Qd3 Be6 11.Bd4 Qa5 12.O-O Rfc8 13.b3 Nd7 14.Bxg7 Kxg7 15.f4 f6
16.Rfe1 Kf8 17.Nd5 a6 18.Qg3 Bxd5 19.exd5 f5 20.Qh4 Nf6 21.g4 Qc5+ 22.Kg2 Qe3
23.Qh6+ Ke8 24.Bf3 Qc3 25.Qg7 Rc7 26.g5 Ne4 27.Qg8+ Kd7 28.Qe6+ Kd8 29.Bxe4 fxe4
30.Qxe4 b5 31.Rac1 Qd2+ 32.Kh1 Raa7 33.Rc2 Qb4 34.Qe6 Rc8 35.Qg8+ Kc7 36.Rxe7+ Kb8
37.Qxh7 Rxe7 38.Qxe7 bxc4 39.Rxc4 Rxc4 40.bxc4 Qb1+ 41.Kg2 Qxa2+ 42.Kf3 Qb3+
43.Qe3 Qb1 44.Kg3 Ka8 45.Qe8+ Kb7 46.Qe7+ Ka8 47.Qe8+ Ka7 48.Qe7+ Ka8 49.Qd8+ Ka7
50.Qd7+ Ka8 51.Qd8+ Ka7 52.Qd7+ Ka8 53.Qc8+ Ka7 54.Qc7+ Ka8 55.Qxd6 Qe1+
56.Kf3 Qc3+ 57.Ke4 Qxc4+ 58.Ke5 Qd3 59.Kf6 a5 60.Qd8+ Kb7 61.Qxa5 Qf5+ 62.Kg7 Qxf4
63.Qb5+ Ka7 64.Qd7+ Kb6 65.Qe6+ Kc5 66.d6 Qxg5 67.Qe7 Qg2 68.d7+ Kc4 69.d8=Q Qc2
70.Kg8 Qxh2 71.Qe4+ Kc3 72.Qdd4+ Kb3 73.Qb1+  1-0

[Event "FRG-ch International"]
[Site "Dortmund"]
[Date "1973.??.??"]
[Round "9"]
[White "Paoli, Enrico"]
[Black "Ciocaltea, Victor"]
[Result "0-1"]
[WhiteElo "2300"]
[BlackElo "2470"]

1.e4 c5 2.Nf3 d6 3.d4 cxd4 4.Nxd4 Nf6 5.Nc3 Nbd7 6.Be2 e6 7.O-O Nc5 8.Bf3 Be7
9.Be3 O-O 10.Qe2 a6 11.Rfd1 Qc7 12.g3 Bd7 13.Nb3 Na4 14.Nxa4 Bxa4 15.Nd4 Rfd8
16.b3 Be8 17.c4 Nd7 18.Bg2 Nc5 19.Rac1 Bf6 20.f4 Rac8 21.Bf2 g6 22.h4 e5
23.Nc2 Bc6 24.Ne3 Ne6 25.Ng4 Bg7 26.f5 Nc5 27.f6 Bf8 28.h5 Kh8 29.hxg6 fxg6
30.Bf3 h5 31.Bxc5 dxc5 32.Nf2 Qf7 33.Kg2 Bh6 34.Rxd8+ Rxd8 35.Rd1 Rd4 36.Nd3 Qxf6
37.Nxc5 Rxd1 38.Qxd1 Be3 39.Nd3 Qg5 40.Qa1 Bd4 41.Qe1 Kg7 42.Qc1 Qxc1 43.Nxc1 Kh6
44.Nd3 g5 45.Kf1 g4 46.Bg2 a5 47.a4 Kg5 48.Nc1 h4 49.gxh4+ Kxh4 50.Ne2 Be3
51.Nc3 Kg3 52.Nd5 Bc5 53.Nf6 Be7 54.Nd5 Bf8 55.Nf6 Bc5 56.Nh5+ Kh4 57.Nf6 Kg5
58.Nd5 Bd7 59.Nc3 Kf4 60.Nd5+ Kg3 61.Nf6 Be6 62.Nh5+ Kh2 63.Ng7 Bf7 64.Nf5 b5
65.Nh6 bxa4 66.bxa4 Bxc4+ 67.Ke1 Kxg2 68.Nxg4 Bd4  0-1

[Event "FRG-ch International"]
[Site "Dortmund"]
[Date "1973.??.??"]
[Round "9"]
[White "Popov, Luben"]
[Black "Gerusel, Mathias"]
[Result "1-0"]
[WhiteElo "2450"]
[BlackElo "2415"]

1.d4 Nf6 2.c4 c5 3.d5 b5 4.cxb5 a6 5.bxa6 Bxa6 6.Nc3 g6 7.Nf3 d6 8.Nd2 Bg7
9.e4 O-O 10.Bxa6 Nxa6 11.O-O Nd7 12.Nc4 Qb8 13.Bg5 Re8 14.Rb1 Nc7 15.Qe2 h6
16.Bd2 Nb5 17.Qd3 Qb7 18.a4 Nd4 19.b3 Qa6 20.f4 Reb8 21.Ne2 Nb6 22.a5 Nxb3
23.Rxb3 Nxc4 24.Rxb8+ Rxb8 25.Rc1 Rb2 26.Be1 Ra2 27.Rxc4 Ra4 28.Rc3 c4 29.Qd1 Bxc3
30.Bxc3 Ra3 31.Qd4 f6 32.e5 Ra2 33.Kf2 dxe5 34.fxe5 fxe5 35.Qxe5 Qf6+ 36.Qxf6 exf6
37.Ke3 Kf7 38.g3 h5 39.h4 g5 40.Nd4 Rg2 41.Ne2 gxh4 42.gxh4 Ke7 43.a6 Kd6
44.a7 Rg8 45.Nf4 Kc7 46.Nxh5 Kb7 47.Nxf6 Rg3+ 48.Kd4 Kxa7 49.Kxc4 Kb6 50.d6 Rh3
51.Bd4+ Kc6 52.d7  1-0

[Event "FRG-ch International"]
[Site "Dortmund"]
[Date "1973.??.??"]
[Round "10"]
[White "Marovic, Drazen"]
[Black "Spassky, Boris V"]
[Result "1/2-1/2"]
[WhiteElo "2465"]
[BlackElo "2660"]

1.d4 d5 2.c4 dxc4 3.Nf3 Nf6 4.Nc3 c6 5.a4 Bf5 6.Ne5 Nbd7 7.Nxc4 Qc7 8.g3 e5
9.dxe5 Nxe5 10.Bf4 Nfd7 11.Bg2 Be7 12.Qc1 O-O 13.O-O Be6 14.Nxe5 Nxe5 15.Nb5 Qb8
16.Nd4 Bd7 17.Rd1 Bf6 18.b4  1/2-1/2

[Event "FRG-ch International"]
[Site "Dortmund"]
[Date "1973.??.??"]
[Round "10"]
[White "Westerinen, Heikki MJ"]
[Black "Paoli, Enrico"]
[Result "0-1"]
[WhiteElo "2450"]
[BlackElo "2300"]

1.e4 e5 2.Nf3 Nf6 3.d4 Nxe4 4.dxe5 d5 5.Be3 Nc6 6.Bb5 Bg4 7.h3 Bxf3 8.Qxf3 Be7
9.Nd2 Nxd2 10.Bxd2 O-O 11.Bxc6 bxc6 12.O-O Qd7 13.Rfe1 Rae8 14.Rad1 Bc5 15.Be3 Bb6
16.Bg5 Qe6 17.Qg3 Qf5 18.Rd3 f6 19.Bh6 Qg6 20.Qxg6 hxg6 21.Be3 Rxe5 22.Red1 Rfe8
23.c4 dxc4 24.Ra3 Kf7 25.Kf1 Rb5 26.Rd2 Re7 27.Rc2 Re4 28.Ke2 f5 29.Kf3 Ke6
30.Rac3 Kd7 31.Bc1 Rb4 32.Rd2+ Bd4 33.Re3 c5 34.Rxe4 fxe4+ 35.Kxe4 Kc6 36.Kf3 c3
37.bxc3 Bxc3 38.Re2 Ra4 39.g4 Kd5 40.h4 Be5 41.Rd2+ Bd4 42.Kf4 c4 43.Kf3 c3
44.Re2 c5 45.Bg5 Ra3 46.Bc1 Ra6 47.Bg5 Kc4 48.Ke4 Rb6 49.Bc1 Rb2 50.Kf3 Kd3
51.Re6 Rxf2+ 52.Kg3 Rxa2  0-1

[Event "FRG-ch International"]
[Site "Dortmund"]
[Date "1973.??.??"]
[Round "11"]
[White "Paoli, Enrico"]
[Black "Marovic, Drazen"]
[Result "1-0"]
[WhiteElo "2300"]
[BlackElo "2465"]

1.e4 e6 2.d4 d5 3.Nd2 b6 4.exd5 exd5 5.Ngf3 Bd6 6.Bd3 Qe7+ 7.Be2 Nf6 8.O-O O-O
9.Re1 c5 10.dxc5 bxc5 11.c4 Bb7 12.cxd5 Bxd5 13.Bc4 Bxf3 14.Nxf3 Qc7 15.Bg5 Nbd7
16.Qc2 h6 17.Bh4 Rab8 18.Rad1 Rb6 19.Bg3 Bxg3 20.hxg3 Nb8 21.Re5 Rb7 22.Rxc5 Qe7
23.Re5 Qc7 24.b3 Kh8 25.Qf5 Qc8 26.Qf4 Qg4 27.Qc1 Rc7 28.Qa3 Qc8 29.Ra5 Nc6
30.Rc5 Nd7 31.Rxc6 Rxc6 32.Rxd7 Qxd7 33.Qxf8+ Kh7  1-0

[Event "FRG-ch International"]
[Site "Dortmund"]
[Date "1973.??.??"]
[Round "11"]
[White "Popov, Luben"]
[Black "Westerinen, Heikki MJ"]
[Result "1/2-1/2"]
[WhiteElo "2450"]
[BlackElo "2450"]

1.d4 Nf6 2.c4 g6 3.Nc3 Bg7 4.e4 d6 5.f3 O-O 6.Be3 Nc6 7.Nge2 Rb8 8.Qd2 a6
9.Bh6 Bxh6 10.Qxh6 e5 11.d5 Nd4 12.Qd2 c5 13.dxc6 bxc6 14.Nxd4 exd4 15.Qxd4 Rxb2
16.O-O-O Rb7 17.Kc2 Be6 18.Be2 d5 19.exd5 cxd5 20.cxd5 Nxd5 21.Nxd5 Qxd5
22.Qxd5 Rc8+ 23.Kd2 Bxd5 24.Bxa6 Rb2+ 25.Ke3 Re8+ 26.Kf4 Bxa2 27.Kg3 Ra8
28.Rd6 Kg7  1/2-1/2